El MST y las disputas por las alternativas en Brasil /

Gespeichert in:
Bibliographische Detailangaben
1. Verfasser: Stédile, João Pedro
Format: Text
Tags: Tag hinzufügen
Keine Tags, Fügen Sie den ersten Tag hinzu!

MARC

LEADER 00000 a a2200000 04500
001 11013
003
040 |a CRAI/IIS  |c CRAI/IIS 
100 |a Stédile, João Pedro  
245 |a El MST y las disputas por las alternativas en Brasil /  |c João Pedro Stédile 
500 |a Respuestas al cuestionario de OSAL  
773 |g volumen 5, número 13; páginas 31-40  
999 |c 20152  |d 20152